Польский язык: Практический курс

Библиографические подробности
Главный автор: Киклевич А. К. Александр Константинович
Другие авторы: Кожинова А. А. Алла Андреевна
Язык:польский
русский
Опубликовано: Минск, ТетраСистемс, 2001
Издание:2-е изд., стер.
Предметы:
Формат: Книга
Запись в KOHA:https://koha.lib.tpu.ru/cgi-bin/koha/opac-detail.pl?biblionumber=30108

MARC

LEADER 00000nam0a2200000 4500
001 30108
005 20231030203754.0
010 |a 9856577284 
035 |a (RuTPU)RU\TPU\book\30376 
035 |a BOOK00030452 
090 |a 30108 
100 |a 20011209d2001 m y0rusy50 ba 
101 0 |a pol  |a rus 
102 |a BY 
105 |a y j 000zy 
200 1 |a Польский язык  |e Практический курс  |f А. К. Киклевич, А. А. Кожинов 
205 |a 2-е изд., стер. 
210 |a Минск  |c ТетраСистемс  |d 2001 
215 |a 320 с. 
610 1 |a польский язык 
610 1 |a фонетика 
610 1 |a грамматика 
610 1 |a орфография 
610 1 |a синтаксис 
610 1 |a упражнения 
610 1 |a учебные пособия 
686 |a Ш141.5-923  |v LBC/SL-A  |2 rubbk 
700 1 |a Киклевич  |b А. К.  |g Александр Константинович 
701 1 |a Кожинова  |b А. А.  |g Алла Андреевна 
801 0 |a BY  |b 63413507  |c 20011209  |g PSBO 
801 2 |a RU  |b 63413507  |c 20130911  |g PSBO 
942 |c BK